Déficit público e incertidumbre: ¿causa, consecuencia o remedio de la inestabilidad financiera? /

El propósito del artículo es mostrar que los déficits públicos no son los responsables de la inestabilidad financiera experimentada en muchas economías. Por el contrario, el autor argumenta que con las reformas implementadas se ha tenido una reducción drástica tanto de la deuda, externa principalmen...

Täydet tiedot

Tallennettuna:
Bibliografiset tiedot
Päätekijä: Hernández Mota, José Luis
Aineistotyyppi: Teksti
Aiheet:
Tagit: Lisää tagi
Ei tageja, Lisää ensimmäinen tagi!

MARC

LEADER 00000 a a2200000 04500
001 44315
003
040
100 |a Hernández Mota, José Luis  
245 |a Déficit público e incertidumbre:   |b ¿causa, consecuencia o remedio de la inestabilidad financiera? /  |c José Luis Hernández Mota  
500 |a jlhernandez@correo.xoc.uam.mx  
520 |a El propósito del artículo es mostrar que los déficits públicos no son los responsables de la inestabilidad financiera experimentada en muchas economías. Por el contrario, el autor argumenta que con las reformas implementadas se ha tenido una reducción drástica tanto de la deuda, externa principalmente, como del déficit público, pero las crisis financieras han estado presentes. De esta forma, se muestra que los déficits son necesarios para estabilizar la economía, sobre todocuando se está en presencia de un sistema financiero frágil.  
590 |a RRH/FEBRERO2013  
650 |a DEFICIT  
650 |a GASTOS PUBLICOS  
650 |a MACROECONOMIA  
650 |a MERCADO FINANCIERO  
650 |a DEUDA  
650 |a CRISIS  
650 |a REFORMA ECONOMICA  
650 |a MEXICO  
773 |g número369 (2011), páginas 17-40 : tablas, gráficos  
999 |c 25069  |d 25069